| 000 | 00836nam a22002057a 4500 | ||
|---|---|---|---|
| 999 |
_c12580 _d12580 |
||
| 003 | AR-CdUCM | ||
| 008 | 190409b ||||| |||| 00| 0 spa d | ||
| 040 |
_aMUNICIPALIDAD PROVINCIAL DEL CUSCO _cBIBLIOTECA MUNICIPAL DEL CUSCO |
||
| 082 |
_a355.0213 / _bG88 / 1943 |
||
| 100 |
_aGuerrero, Julio C. _99626 |
||
| 245 |
_aBelicología : _bUn amplio miraje sobre la guerra total / |
||
| 260 |
_aLima : _bSalas e hijos, _c1943. |
||
| 300 |
_aXIV, 469 páginas ; _c25 cm. |
||
| 505 | _aContenido : Definiciones de algunos de los mas importantes términos militares y su significado -- La guerra, su esencia y sus relaciones -- Espíritu y cuerpo de la guerra -- Informaciones en general ... | ||
| 650 |
_aBelicologia _930475 |
||
| 650 |
_aEstrategias _913946 |
||
| 650 |
_aGuerra _91007 |
||
| 942 |
_2ddc _cLIBROS |
||
| 945 |
_arah _d09/04/2019 |
||